| 000 | nam a22 7a 4500 | ||
|---|---|---|---|
| 999 |
_c129725 _d129725 |
||
| 008 | 190819b xxu||||| |||| 00| 0 eng d | ||
| 050 | _aLA1596.E24 2018 | ||
| 245 |
_aEducation in Zambia at fifty years of independence and beyond _bhistory, current status and contemporary issues _cEdited by Gift Masaiti |
||
| 260 |
_aZambia _bMission Press _c2018 |
||
| 300 |
_axxix, 296p. ; _c26cm. |
||
| 650 |
_aEducation _xZambia _947861 |
||
| 942 |
_2lcc _cMONOGRAPH |
||